ՀՀ Գիտությունների ազգային ակադեմիայի հիմնարար գիտական գրադարան  =   Fundamental Scientific Library of NAS RA

The universe around us / (Record no. 249216)

MARC details
000 -LEADER
fixed length control field 00640nam a2200217 a 4500
001 - CONTROL NUMBER
control field 000672001
003 - CONTROL NUMBER IDENTIFIER
control field AM-YeHGA
005 - DATE AND TIME OF LATEST TRANSACTION
control field 20250618073603.0
008 - FIXED-LENGTH DATA ELEMENTS--GENERAL INFORMATION
fixed length control field 090703s1933 nyu r 000 0 eng d
040 ## - CATALOGING SOURCE
Original cataloging agency AM-YeHGA
041 0# - LANGUAGE CODE
Language code of text/sound track or separate title eng
090 ## - LOCALLY ASSIGNED LC-TYPE CALL NUMBER (OCLC); LOCAL CALL NUMBER (RLIN)
-- 250811
100 1# - MAIN ENTRY--PERSONAL NAME
Personal name Jeans, James Hopwood,
Titles and words associated with a name Sir,
Dates associated with a name 1877-
245 10 - TITLE STATEMENT
Title The universe around us /
Statement of responsibility, etc. By Sir James Jeans.
250 ## - EDITION STATEMENT
Edition statement Rev. ed.
260 ## - PUBLICATION, DISTRIBUTION, ETC.
Place of publication, distribution, etc. New York :
Name of publisher, distributor, etc. The Macmillan Company,
Date of publication, distribution, etc. 1933.
300 ## - PHYSICAL DESCRIPTION
Extent x, 351 p. :
Other physical details [16] l. plates : ill. ;
Dimensions 23 cm.
504 ## - BIBLIOGRAPHY, ETC. NOTE
Bibliography, etc. note Includes bibliogr. references and index
650 14 - SUBJECT ADDED ENTRY--TOPICAL TERM
Topical term or geographic name entry element Աստղագիտություն
9 (RLIN) 18
650 14 - SUBJECT ADDED ENTRY--TOPICAL TERM
Topical term or geographic name entry element Cosmogony
Holdings
Withdrawn status Lost status Source of classification or shelving scheme Damaged status Not for loan Collection Home library Current library Date acquired Total checkouts Full call number Barcode Date last seen Price effective from Koha item type Public note
    Universal Decimal Classification     Terzian Individual Collection Fundamental Scientific Library Fundamental Scientific Library 29/12/2016   Terz/ 994 FL0106975 29/12/2016 29/12/2016 Գրքեր / Books ILL Non-Circ.


ՀՀ ԳԱԱ հիմնարար գիտական գրադարան
ՀՀ,Երևան 0019
Մարշալ Բաղրամյան 24/6
հեռախոս:(374-10) 52-47-50
Հետադարձ կապ

All site content, except where otherwise noted, is licensed under a
Creative Commons License